| 000 | 00671nam a22002057a 4500 | ||
|---|---|---|---|
| 003 | OSt | ||
| 005 | 20260312051714.0 | ||
| 008 | 260312b |||||||| |||| 00| 0 eng d | ||
| 020 | _a0-534-20490-2. | ||
| 040 |
_aDWCL Main lib _cOC |
||
| 082 |
_22nd ed. _aCirc. 150.72 L438 1995 |
||
| 100 | _aLeary, Mark R. | ||
| 245 |
_aIntroduction to behavioral research methods _cMark R. Leary |
||
| 250 | _a2nd ed. | ||
| 260 |
_aPacific Grove, CA : _bBrooks/Cole Publishing Company, _cc1995. |
||
| 300 |
_axxi, 422 p. ; _c24 cm. |
||
| 504 | _aIncludes bibliographical references and index. | ||
| 650 | _aPsychology-Research-Methodology. | ||
| 942 |
_2ddc _cBK-CIRC _e2nd ed. _kCirc. _n0 |
||
| 999 |
_c9019 _d9019 |
||